000
00270nam a22001097a 4500
008
170113b xxu||||| |||| 00| 0 eng d
020
_a
0894438468
041
_a
eng
080
_a
618.2
245
_a
CLINICAL ELECROCARDIOGRAPHY FOR NURSES
_c
SWEETWOOD, H.M
942
_2
udc
_c
BK
999
_c
2854
_d
2854